<The> Review of economic studies journal of the society for economic analysis limited

Guardado en:
Detalles Bibliográficos
Formato: Seriadas
Lenguaje:inglés
Publicado: London Longman 1981
Etiquetas: Agregar Etiqueta
Sin Etiquetas, Sea el primero en etiquetar este registro!

MARC

LEADER 00000nas2a22000001 4500
001 s123038
005 20041019155352.0
041 0 |a eng 
044 |a GB 
245 1 0 |a <The> Review of economic studies  |b journal of the society for economic analysis limited 
264 1 |a London  |b Longman  |c 1981 
300 |a 1 zv. 
773 0 |w eu_un_cat*s121088